Dettagli MARC
| 000 -LEADER |
| fixed length control field |
02580njm a2200457Ia 4500 |
| 001 - CONTROL NUMBER |
| control field |
F0602 |
| 003 - CONTROL NUMBER IDENTIFIER |
| control field |
IT-RoPAU |
| 005 - DATE AND TIME OF LATEST TRANSACTION |
| control field |
20220918181114.0 |
| 008 - FIXED-LENGTH DATA ELEMENTS--GENERAL INFORMATION |
| fixed length control field |
131025s9999 xx 000 0 und d |
| 040 ## - CATALOGING SOURCE |
| Original cataloging agency |
IT-RoPAU |
| 040 ## - CATALOGING SOURCE |
| Transcribing agency |
IT-RoPAU |
| 999 ## - SYSTEM CONTROL NUMBERS (KOHA) |
| Koha Dewey Subclass [OBSOLETE] |
n.d. |
| 100 ## - MAIN ENTRY--PERSONAL NAME |
| Personal name |
AA.VV. |
| 9 (RLIN) |
794 |
| 100 ## - MAIN ENTRY--PERSONAL NAME |
| Relator term |
Autore musica |
| 9 (RLIN) |
32221 |
| 100 ## - MAIN ENTRY--PERSONAL NAME |
| Miscellaneous information |
Codice autore musica SPICS: 12000 |
| 9 (RLIN) |
796 |
| 245 ## - TITLE STATEMENT |
| Title |
Portrait |
| 250 ## - EDITION STATEMENT |
| Edition statement |
1a ed. |
| 260 ## - PUBLICATION, DISTRIBUTION, ETC. (IMPRINT) |
| Place of publication, distribution, etc. |
MILANO |
| 260 ## - PUBLICATION, DISTRIBUTION, ETC. (IMPRINT) |
| Name of publisher, distributor, etc. |
RUSCONI |
| Date of publication, distribution, etc. |
1998 [1a Ed.:] |
| 300 ## - PHYSICAL DESCRIPTION |
| Extent |
COMPACT DISC |
| 300 ## - PHYSICAL DESCRIPTION |
| Dimensions |
70 minuti (Testo: pag.) |
| 500 ## - GENERAL NOTE |
| General note |
Musica jazz. Cd fuori commercio allegato al n. 4 '98 della rivista "Musica jazz". |
| 505 ## - FORMATTED CONTENTS NOTE |
| Formatted contents note |
I Love You [(Tirana 1986) (13:00)] - Portrait [(Bucarest 1970) (6:00)] - La Curt di Asen [(Milano 1981) (4:00)] - Blue Bag [(Stoccolma 1974) (8:00)] - Turn Out the Stars [(Milano 1985) (5:00)] - Eruption [(Bucarest 1967) (6:00)] - Poinciana [(Milano 1981) (6:00)] - Banat Mood [(Milano 1998) (8:00)] - Country Dance [(Stoccolma 1974) (9:00)] - Down Town [(Stoccolma 1974) (6:00)] |
| 511 ## - PARTICIPANT OR PERFORMER NOTE |
| Participant or performer note |
Manusardi Guido: p; Leveratto Piero: cb; Bonafede Luigi: batt |
| 511 ## - PARTICIPANT OR PERFORMER NOTE |
| Participant or performer note |
Berindei Stefan: sop; Manusardi Guido: p; Raducanu Johnny: cb; Gondi Eugen: batt |
| 511 ## - PARTICIPANT OR PERFORMER NOTE |
| Participant or performer note |
Manusardi Guido; p; Di Castri Furio: cb; Cazzola Gianni: batt |
| 511 ## - PARTICIPANT OR PERFORMER NOTE |
| Participant or performer note |
Aberg Lennart: ten; Manusardi Guido: p; Mitchell Red: cb; Island-Ostlund Petur: batt |
| 511 ## - PARTICIPANT OR PERFORMER NOTE |
| Participant or performer note |
Manusardi Guido: p |
| 511 ## - PARTICIPANT OR PERFORMER NOTE |
| Participant or performer note |
Farcas Nicolae: trne; Mindrila Dan: ten; Manusardi Guido: p; Raducanu Johnny: cb; Ganea Vasile Make: batt |
| 511 ## - PARTICIPANT OR PERFORMER NOTE |
| Participant or performer note |
Manusardi Guido: p; Di Castri Furio: cb; Cazzola Gianni: batt |
| 511 ## - PARTICIPANT OR PERFORMER NOTE |
| Participant or performer note |
Fresu Paolo: flic; Rossi Roberto: trne; Trovesi Gianluigi: alto; Manusardi Guido: p; Di Castri Furio: cb; Gatto Roberto: batt |
| 511 ## - PARTICIPANT OR PERFORMER NOTE |
| Participant or performer note |
Aberg Lennart: sop; Manusardi Guido: p; Mitchell Red: cb; Island-Ostlund Petur: batt |
| 511 ## - PARTICIPANT OR PERFORMER NOTE |
| Participant or performer note |
Manusardi Guido: p; Mitchell Red: cb |
| 650 ## - SUBJECT ADDED ENTRY--TOPICAL TERM |
| Topical term or geographic name as entry element |
JAZZ [COMPACT DISC] |
| Relator term |
Codice MATERIA SPICS: 9949 |
| 9 (RLIN) |
11822 |
| 700 ## - ADDED ENTRY--PERSONAL NAME |
| Personal name |
Manusardi Guido |
| Miscellaneous information |
Codice interprete SPICS: 50340 |
| Relator term |
Interprete |
| 9 (RLIN) |
32222 |
| 700 ## - ADDED ENTRY--PERSONAL NAME |
| Personal name |
Porter Cole |
| Miscellaneous information |
Codice autore musica SPICS: 13034 |
| Relator term |
Autore musica |
| Name of part/section of a work |
I Love You |
| 9 (RLIN) |
32223 |
| 700 ## - ADDED ENTRY--PERSONAL NAME |
| Personal name |
Manusardi Guido |
| Miscellaneous information |
Codice autore musica SPICS: 50340 |
| Relator term |
Autore musica |
| Name of part/section of a work |
Portrait - La Curt di Asen - Blue Bag - Eruption - Banat Mood - Country Dance - Down Town |
| 9 (RLIN) |
32224 |
| 700 ## - ADDED ENTRY--PERSONAL NAME |
| Personal name |
Evans Bill |
| Miscellaneous information |
Codice autore musica SPICS: 16457 |
| Relator term |
Autore musica |
| Name of part/section of a work |
Turn Out the Stars |
| 9 (RLIN) |
32225 |
| 700 ## - ADDED ENTRY--PERSONAL NAME |
| Personal name |
Simon Nat |
| Miscellaneous information |
Codice autore musica SPICS: 50341 |
| Relator term |
Autore musica |
| Name of part/section of a work |
Poinciana |
| 9 (RLIN) |
32226 |
| 942 ## - ADDED ENTRY ELEMENTS (KOHA) |
| Koha item type |
CD AUDIO |
| Source of classification or shelving scheme |
Dewey Decimal Classification |